Postethnic America: beyond multiculturalism, tenth anniversary edition with a new postcript by the author/
Es una obra importante que explora las cambiantes dinámicas de identidad, etnicidad y multiculturalismo en los Estados Unidos. En esta décima edición aniversario, el autor proporciona un nuevo posfacio que ofrece perspectivas e ideas actualizadas sobre el tema. El libro profundiza en las complejidad...
Uloženo v:
| Hlavní autor: | |
|---|---|
| Médium: | Kniha |
| Jazyk: | English |
| Vydáno: |
Estados Unidos:
Basic Books,
2005
|
| Vydání: | revised and update, Postscript 2005 |
| Témata: | |
| Tagy: |
Přidat tag
Žádné tagy, Buďte první, kdo vytvoří štítek k tomuto záznamu!
|
MARC
| LEADER | 00000nam a22000007a 4500 | ||
|---|---|---|---|
| 003 | cru CIDCACS/IIS | ||
| 005 | 20231205113622.0 | ||
| 007 | ta | ||
| 008 | 180301t20052000-us|||||r|||||||| ||eng|d | ||
| 020 | |a 0465030653 | ||
| 040 | |c cru CIDCACS/IIS | ||
| 090 | |a 05.02.01 H741p | ||
| 100 | 1 | |a Hollinger, David A. |9 6712 | |
| 245 | 1 | |a Postethnic America: |b beyond multiculturalism, tenth anniversary edition with a new postcript by the author/ |c David A. Hollinger | |
| 250 | |a revised and update, Postscript 2005 | ||
| 260 | |a Estados Unidos: |b Basic Books, |c 2005 | ||
| 300 | |a 296 páginas | ||
| 500 | |a Donado por Joanna Dreby | ||
| 520 | 3 | |a Es una obra importante que explora las cambiantes dinámicas de identidad, etnicidad y multiculturalismo en los Estados Unidos. En esta décima edición aniversario, el autor proporciona un nuevo posfacio que ofrece perspectivas e ideas actualizadas sobre el tema. El libro profundiza en las complejidades de la identidad estadounidense en una era postétnica, desafiando las nociones tradicionales de categorías étnicas y raciales. Destaca la fluidez de las identidades en la América contemporánea, donde los individuos pueden navegar entre múltiples afiliaciones culturales y étnicas. Hollinger argumenta que el concepto de una América postétnica representa un alejamiento de las fronteras étnicas fijas y hacia una sociedad más inclusiva y diversa. Este libro es un recurso valioso para cualquier persona interesada en el estudio del multiculturalismo, la política de identidad y el panorama en evolución de la sociedad estadounidense. La obra de Hollinger continúa influyendo en las discusiones sobre raza, etnicidad y diversidad en los Estados Unidos. RAR 11/23 | |
| 650 | 0 | 0 | |a MULTICULTURALISMO |0 UNESCO |9 8471 |
| 650 | 0 | 0 | |a IDENTIDAD |0 OCDE |9 4620 |
| 650 | 0 | 0 | |a ETNICIDAD |0 OCDE |9 7209 |
| 650 | 0 | 0 | |a RAZA |0 OCDE |9 6964 |
| 650 | 0 | 0 | |a DIVERSIDAD CULTURAL |0 OCDE |9 11642 |
| 650 | 0 | 0 | |a INCLUSION SOCIAL |0 UNESCO |9 11594 |
| 651 | 0 | |a ESTADOS UNIDOS |2 OCDE |9 245 | |
| 942 | |2 ddc |c LI | ||
| 999 | |c 41090 |d 41090 | ||



